• 首页
  • 本馆介绍
  • 公告通知
  • 最新文献
  • 馆藏检索
  • 电子资源
  • 读者导购
  • 参考咨询
  • 我的图书馆
  • 登录
  • 详细信息显示
  • 放入我的书架
  • 预约/预借图书
  • 作者相关作品
  • 分类相关作品
  • 丛书相关作品
  • 出版社相关作品

书目信息

  • 表格格式
  • 工作单格式
  • 卡片格式
题名:
旅游文化学
    
 
作者: 邹本涛 , 谢春山 编著
分册:  
出版信息: 北京   中国旅游出版社  2008.06
页数: 500页
开本: 23cm
丛书名:
单 册:
中图分类: F590-05
科图分类:
主题词: 旅游文化--高等学校--教材
电子资源:
ISBN: 978-7-5032-3468-2
000 01055nam0 2200277 450
001 012004263263
005 20091207094823.05
010    @a978-7-5032-3468-2@dCNY38.00
100    @a20080730d2008 em y0chiy0110 ea
101 0  @achi
102    @aCN@b110000
105    @ay z 000yy
106    @ar
200 1  @a旅游文化学@9lv you wen hua xue@f邹本涛,谢春山编著
210    @a北京@c中国旅游出版社@d2008.06
215    @a500页@d23cm
300    @a中国旅游协会推荐教材 旅游管理专业新视野教材
312    @a封面英文题名:Culture of tourism
330    @a本书的研究内容是以多维视角审视旅游文化系统及旅游文化研究的问题。旅游文化系统包括旅游文化自身及其影响因素,前者包括旅游文化的概念、结构、类型、特点、功能、地位、形成、建设、历史、未来等;后者包括政治、经济、社会、文化、自然等因素及其影响过程。
510 1  @aCulture of tourism@zeng
606 0  @a旅游文化@x高等学校@j教材
690    @aF590-05@v4
701  0 @a邹本涛@9zou ben tao@4编著
701  0 @a谢春山@9xie chun shan@4编著
801  0 @aCN@bNLC@c20091207
905    @b20796716-20@dF590-05@e252@f5
    
    旅游文化学/邹本涛,谢春山编著.-北京:中国旅游出版社,2008.06
    500页;23cm
    中国旅游协会推荐教材 旅游管理专业新视野教材
    
    ISBN 978-7-5032-3468-2:CNY38.00
    本书的研究内容是以多维视角审视旅游文化系统及旅游文化研究的问题。旅游文化系统包括旅游文化自身及其影响因素,前者包括旅游文化的概念、结构、类型、特点、功能、地位、形成、建设、历史、未来等;后者包括政治、经济、社会、文化、自然等因素及其影响过程。
●
相关链接 在E读中查询图书 在五车中查询图书 在当当中查询图书 在豆瓣中查询图书


正题名:旅游文化学     索取号:F590-05/252         预约/预借

序号 登录号 条形码 馆藏地/架位号 状态 备注
1 796716   207967164   第一样本阅览室/ [索取号:F590-05/252] 在馆    
2 796717   207967173   第一借阅区/ [索取号:F590-05/252] 在馆    
3 796718   207967182   第一借阅区/ [索取号:F590-05/252] 在馆    
4 796719   207967191   第一借阅区/ [索取号:F590-05/252] 在馆    
5 796720   207967208   密集书库-资源管理系/ [索取号:F590-05/252] 在馆    
唐山师范学院图书馆 欢迎您!
大连网信软件有限公司© 版权所有